| 000 | 00610nam 22002053 4500 | ||
|---|---|---|---|
| 001 | 197343 | ||
| 021 |
_aPT _b27475/89 |
||
| 090 | _a197343 | ||
| 100 | _a20250717d u||y0pory50 ba | ||
| 200 |
_aO livro dos vinhos _fJosé A. Salvador, Luís Ramos |
||
| 210 |
_aLisboa _cFragmentos _dimp. 1989 |
||
| 215 |
_a232 p. _cil. ; encadernado _d31 cm |
||
| 300 | _avinhos do Alentejo | ||
| 606 |
_98086 _aVinhos. Produção de vinhos. Enologia |
||
| 675 |
_a663.2 _vPT _zpor |
||
| 700 |
_913429 _aSalvador _bJosé A. _f1947- |
||
| 701 |
_913430 _aRamos _bLuís _f1958- |
||
| 801 |
_aPT _bBMMN _gRPC |
||
| 830 | _cVanda | ||
| 990 | _cLIVROS | ||